000 00493 a2200157 4500
020 _a9780545492355
020 _a0545492351
041 _aeng
100 1 0 _aElya, Susan Middleton
245 1 0 _aFire! Fuego! Brave bomberos / Susan Middleton Elya ; illustrated by Dan Santat.
260 _aNew York : Bloomsbury Children's Books, 2012.
300 _a1 volume (unpaged) : color illustrations ;
_c29 cm
500 _aChiefly in English with some Spanish
700 1 0 _aSantat, Dan
942 _cBK
999 _c9525
_d9525